LDR 00639naa#a2200169#i#450# 001 EN\\bibl\118695 005 20260515155026.5 011 ## _a1994-4683 100 ## _a20230428b2023####ek#y0engy0150####ca 102 ## _aRU 200 1# _aINFLUENCE OF RUNNING IN THE ATHLETICS ARENA AND ON THE SIMULATOR "TRUNK TRACK" ON THE DEVELOPMENT OF SPEED ENDURANCE _eJournal article 210 1# _aMoscow _cNational State University of Physical Education, Sports and Health named after P.F. Lesgaft _d2023 215 ## _a3 с. 608 ## _aJournal article _2local 675 ## _aБег. Например,. 796.422 _z 700 #1 _aZiambetov _gV YU 856 4# _auchzapiski.lesgaft.spb.ru _u